ՀՀ Գիտությունների ազգային ակադեմիայի հիմնարար գիտական գրադարան  =   Fundamental Scientific Library of NAS RA

Ուսուցիչը (Record no. 458582)

MARC details
000 -LEADER
fixed length control field 02444nam a2200397 a 4500
001 - CONTROL NUMBER
control field 756048
003 - CONTROL NUMBER IDENTIFIER
control field AM-YEHGA
005 - DATE AND TIME OF LATEST TRANSACTION
control field 20250618075400.0
008 - FIXED-LENGTH DATA ELEMENTS--GENERAL INFORMATION
fixed length control field 210217b2019 ai agp|gr|||||00||0|arm||
020 ## - INTERNATIONAL STANDARD BOOK NUMBER
International Standard Book Number 9789939920658
040 ## - CATALOGING SOURCE
Original cataloging agency AM-YeHGA
041 0# - LANGUAGE CODE
Language code of text/sound track or separate title arm
041 1# - LANGUAGE CODE
Language code of text/sound track or separate title eng
Language code of original arm
090 ## - LOCALLY ASSIGNED LC-TYPE CALL NUMBER (OCLC); LOCAL CALL NUMBER (RLIN)
-- 461639
245 00 - TITLE STATEMENT
Title Ուսուցիչը
Medium [Պատկերագիրք] =
Remainder of title The teacher /
Statement of responsibility, etc. Ցուցադրության համադրող և պատկերագրքի կազմող՝ Մ. Հարոյան ; Խմբ. խորհ.՝ Լ.Հարությունյան, Ն. Միսակյան, Ա. Մուշեղյան, Ա. Արզումանյան ; Անգլ. տեքստի թարգմ.՝ Ա. Այունց ; Անգլ. տեքստի սրբագրիչներ՝ Ջ. Պոհիկյան, Ա. Հարոյան ; Լուսանկարները՝ Գ. Պերկուպերկյանի ; Կոմիտասի թանգարան-ինստիտուտ ; Եղիշե Չարենցի անվան գրականության և արվեստի թանգարան.
246 15 - VARYING FORM OF TITLE
Title proper/short title The teacher
260 ## - PUBLICATION, DISTRIBUTION, ETC.
Place of publication, distribution, etc. Երևան :
Name of publisher, distributor, etc. Կոմիտաս թանգարան-ինստիտուտի հրատարակչություն,
Date of publication, distribution, etc. 2019.
Manufacturer Տիգրան Մեծ
300 ## - PHYSICAL DESCRIPTION
Extent 159 էջ :
Other physical details լուսանկարներ, նկարներ, նոտա ;
Dimensions 22x22 սմ.
500 ## - GENERAL NOTE
General note Նվիրվում է Կոմիտաս Վարդապետի ծննդյան 150-ամյակին:
500 ## - GENERAL NOTE
General note Սյունակագիր:
546 ## - LANGUAGE NOTE
Language note Բնագիրը՝ զուգահեռ հայերեն և անգլերեն:
600 14 - SUBJECT ADDED ENTRY--PERSONAL NAME
Personal name Կոմիտաս,
Dates associated with a name 1869-1935
9 (RLIN) 1689
650 14 - SUBJECT ADDED ENTRY--TOPICAL TERM
Topical term or geographic name entry element Հայ երաժիշտներ
Form subdivision Կենսագրություններ
700 1# - ADDED ENTRY--PERSONAL NAME
Personal name Հարոյան, Մարինե
Relator term կազմող
Relationship com
700 1# - ADDED ENTRY--PERSONAL NAME
Personal name Հարությունյան, Լիլիթ
Relator term խմբագիր
Relationship edt
700 1# - ADDED ENTRY--PERSONAL NAME
Personal name Միսակյան, Նանե
Relator term խմբագիր
Relationship edt
700 1# - ADDED ENTRY--PERSONAL NAME
Personal name Մուշեղյան, Անի
Relator term խմբագիր
Relationship edt
700 1# - ADDED ENTRY--PERSONAL NAME
Personal name Արզումանյան, Անուշ
Relator term խմբագիր
Relationship edt
700 1# - ADDED ENTRY--PERSONAL NAME
Personal name Այունց, Անուշ
Relator term թարգմանիչ
Relationship trl
700 1# - ADDED ENTRY--PERSONAL NAME
Personal name Պոհիկեան, Ջոզեֆ
Relator term սրբագրիչ
Relationship crr
700 1# - ADDED ENTRY--PERSONAL NAME
Personal name Հարոյան, Արփինե
Relator term սրբագրիչ
Relationship crr
700 1# - ADDED ENTRY--PERSONAL NAME
Personal name Պերկուպերկյան, Գևորգ
Relator term լուսանկարիչ
Relationship pht
710 2# - ADDED ENTRY--CORPORATE NAME
Corporate name or jurisdiction name as entry element Կոմիտասի թանգարան-ինստիտուտ
9 (RLIN) 8840
710 2# - ADDED ENTRY--CORPORATE NAME
Corporate name or jurisdiction name as entry element Եղիշե Չարենցի անվան գրականության և արվեստի թանգարան
942 ## - ADDED ENTRY ELEMENTS (KOHA)
Source of classification or shelving scheme Universal Decimal Classification
Koha item type Գրքեր / Books
Holdings
Withdrawn status Lost status Source of classification or shelving scheme Damaged status Not for loan Collection Home library Current library Date acquired Total checkouts Full call number Barcode Date last seen Price effective from Koha item type Public note
    Universal Decimal Classification     General Fundamental Scientific Library Fundamental Scientific Library 24/02/2021   AII/106784 FL0641327 24/02/2021 24/02/2021 Գրքեր / Books 30 Days Loan
    Universal Decimal Classification     General Fundamental Scientific Library Fundamental Scientific Library 24/02/2021   AII/106785 FL0641328 24/02/2021 24/02/2021 Գրքեր / Books 30 Days Loan


ՀՀ ԳԱԱ հիմնարար գիտական գրադարան
ՀՀ,Երևան 0019
Մարշալ Բաղրամյան 24/6
հեռախոս:(374-10) 52-47-50
Հետադարձ կապ

All site content, except where otherwise noted, is licensed under a
Creative Commons License